| 000 | 00609nmm a2200217Ia 4500 | ||
|---|---|---|---|
| 008 | 251105s9999||||xx |||||||||||||||||und|| | ||
| 041 | _aspa | ||
| 100 | _aDebrito, Abel | ||
| 245 | 0 | _aBukowski esencial: Poesía | |
| 264 |
_a[Madrid, España] : _bVisor Libros, _c2017 |
||
| 300 | _a480 páginas | ||
| 490 | _aVisor de Poesía | ||
| 650 | _aOther Literatures and languages | ||
| 700 | _aDebrito, Abel | ||
| 700 | 1 | _a Debrito, Abel | |
| 700 | 1 | _a Debrito, Abel | |
| 700 | 1 | _a Debrito, Abel | |
| 700 | 1 | _a Bukowski, Charles | |
| 856 | _uhttps://public.digitaliapublishing.com/a/79821 | ||
| 942 | _cCF | ||
| 999 |
_c64611 _d64611 |
||